000 00579nam a22002297a 4500
003 UA-OsUOA
001 50598
007 ta
008 20071120b un ||||| |||| 00| 0 ukr d
100 _aБех В.
090 _a140.8
_bБ55
942 _cBK
040 _aUA-OsUOA
_bukr
_cUA-OsUOA
_dUA-OsUOA
245 _aГенезис соціального організму країни
300 _a286 с.
955 _a1
041 _aukr
080 _a140.8
260 _aЗапоріжжя
_c2000
650 7 _a1 Філософські науки
_2UDC
999 _c336682
_d336682